[Event "SM-2011-0-00171"]
[White "Baranowski, Tadeusz"]
[Black "Bishop, Nicholas"]
[Site "LSS email"]
[Round "?"]
[Result "1/2-1/2"]
[Date "2011.10.23"]
[WhiteElo "2296"]
[BlackElo "2201"]
[PlyCount "45"]
[EventDate "2011.08.18"]
[EventType "tourn (corr)"]
[EventRounds "6"]
[EventCountry "GER"]
[SourceTitle "Telechess CBM 153"]
[Source "ChessBase"]
[SourceDate "2013.03.14"]
[SourceVersion "1"]
[SourceVersionDate "2013.03.14"]
[SourceQuality "1"]

1. e4 e6 2. d4 d5 3. Nc3 Bb4 4. e5 c5 5. a3 Bxc3+ 6. bxc3 Qa5 7. Bd2 Qa4 8. Qb1 c4 9. h4 Nc6 10. h5 Bd7 11. Nf3 0-0-0 12. Bf4 f6 13. g3 Nge7 14. Bg2 g5 15. hxg6 Nxg6 16. Bh6 fxe5 17. dxe5 Rhg8 18. Rh5 Nf8 19. Ng5 Qa5 20. Nf7 Be8 21. Nxd8 Nxd8 22. Rh4 Qxc3+ 23. Bd2 1/2-1/2

[Event "SM-2011-0-00171"]
[White "Borisovs, Leonids"]
[Black "Bishop, Nicholas"]
[Site "LSS email"]
[Round "?"]
[Result "1/2-1/2"]
[Date "2011.10.22"]
[WhiteElo "2179"]
[BlackElo "2201"]
[PlyCount "76"]
[EventDate "2011.08.18"]
[EventType "tourn (corr)"]
[EventRounds "6"]
[EventCountry "GER"]
[SourceTitle "Telechess CBM 153"]
[Source "ChessBase"]
[SourceDate "2013.03.14"]
[SourceVersion "1"]
[SourceVersionDate "2013.03.14"]
[SourceQuality "1"]

1. Nf3 e6 2. c4 f5 3. d4 Nf6 4. g3 d5 5. Bg2 c6 6. 0-0 Bd6 7. Nc3 0-0 8. Qc2 Qe7 9. Bg5 h6 10. Bf4 Bxf4 11. gxf4 Nbd7 12. cxd5 Nxd5 13. e3 g5 14. h3 Kh8 15. Rfe1 Qg7 16. fxg5 hxg5 17. Rad1 Rg8 18. Nxd5 exd5 19. Qxf5 Nf6 20. Qe5 g4 21. hxg4 Bxg4 22. Kf1 Bh5 23. Ke2 Qh6 24. Rh1 Rxg2 25. Rxh5 Qxh5 26. Qxf6+ Kg8 27. Qe6+ Kh7 28. Qe7+ Rg7 29. Qe5 Qxe5 30. Rh1+ Qh5 31. Rxh5+ Kg6 32. Rh4 Kf5 33. a4 a5 34. Rh6 Rag8 35. b3 Rc7 36. Kd3 Rgg7 37. Rh8 b5 38. Rh6 Rh7 1/2-1/2

[Event "SM-2011-0-00171"]
[White "Bishop, Nicholas"]
[Black "Roberts, Anthony"]
[Site "LSS email"]
[Round "?"]
[Result "1/2-1/2"]
[Date "2011.10.08"]
[WhiteElo "2201"]
[BlackElo "2232"]
[PlyCount "91"]
[EventDate "2011.08.18"]
[EventType "tourn (corr)"]
[EventRounds "6"]
[EventCountry "GER"]
[SourceTitle "Telechess CBM 153"]
[Source "ChessBase"]
[SourceDate "2013.03.14"]
[SourceVersion "1"]
[SourceVersionDate "2013.03.14"]
[SourceQuality "1"]

1. c4 e5 2. Nc3 Nf6 3. Nf3 Nc6 4. e4 Bb4 5. d3 d6 6. g3 Bc5 7. Bg2 Nd4 8. Nxd4 Bxd4 9. 0-0 c6 10. h3 Be6 11. Ne2 Bb6 12. b3 Qd7 13. Kh2 h5 14. d4 Qe7 15. Bb2 0-0-0 16. a4 Ba5 17. d5 Bd7 18. dxc6 Bxc6 19. Bc3 Bc7 20. Qc2 a5 21. b4 Qe6 22. f3 axb4 23. Bxb4 h4 24. g4 Nd7 25. a5 Nc5 26. Rfb1 Na6 27. Bd2 g6 28. f4 f5 29. exf5 gxf5 30. Bxc6 bxc6 31. Rb6 Nc5 32. gxf5 Qh6 33. Rxc6 Qh5 34. Nc3 Qf3 35. Rxc7+ Kxc7 36. Nd5+ Kb8 37. Be1 Rdg8 38. Qb2+ Nb3 39. Rb1 Rg3 40. Bxg3 Qxg3+ 41. Kh1 Qxh3+ 42. Qh2 Qd3 43. Rg1 Qxc4 44. Rd1 Rg8 45. Qf2 Nd4 46. Qb2+ 1/2-1/2

[Event "CP-2011-P-00035"]
[White "Bishop, Nicholas"]
[Black "Carroll, Patrick J"]
[Site "LSS email"]
[Round "?"]
[Result "1/2-1/2"]
[Date "2011.09.30"]
[WhiteElo "2201"]
[BlackElo "2138"]
[PlyCount "68"]
[EventDate "2011.10.01"]
[EventType "tourn (corr)"]
[EventRounds "6"]
[EventCountry "GER"]
[SourceTitle "Telechess CBM 153"]
[Source "ChessBase"]
[SourceDate "2013.03.14"]
[SourceVersion "1"]
[SourceVersionDate "2013.03.14"]
[SourceQuality "1"]

1. c4 Nf6 2. g3 c6 3. Nf3 d5 4. Bg2 Bf5 5. cxd5 cxd5 6. Qb3 Qb6 7. Nc3 Nc6 8. Nxd5 Qxb3 9. Nxf6+ exf6 10. axb3 Bb4 11. 0-0 0-0 12. d3 Rfd8 13. Be3 Be6 14. Rfc1 Bxb3 15. Nd2 Bxd2 16. Bxd2 Bd5 17. Be3 Bxg2 18. Kxg2 g6 19. Bc5 Kg7 20. Ra3 f5 21. e3 Rac8 22. Rac3 Rd5 23. b4 a6 24. h3 h5 25. h4 Kh7 26. d4 Nb8 27. f3 Re8 28. Re1 Nd7 29. e4 Nf6 30. exd5 Rxe1 31. d6 Re8 32. b5 Nd5 33. bxa6 Nxc3 34. axb7 Nd5 1/2-1/2

[Event "CP-2011-P-00035"]
[White "Bishop, Nicholas"]
[Black "Edwards, KEDG"]
[Site "LSS email"]
[Round "?"]
[Result "0-1"]
[Date "2011.09.30"]
[WhiteElo "2201"]
[BlackElo "2003"]
[PlyCount "66"]
[EventDate "2011.10.01"]
[EventType "tourn (corr)"]
[EventRounds "6"]
[EventCountry "GER"]
[SourceTitle "Telechess CBM 153"]
[Source "ChessBase"]
[SourceDate "2013.03.14"]
[SourceVersion "1"]
[SourceVersionDate "2013.03.14"]
[SourceQuality "1"]

1. c4 c6 2. g3 d5 3. Nf3 Nf6 4. Bg2 g6 5. b3 Bg7 6. Bb2 0-0 7. 0-0 Bg4 8. d3 Nbd7 9. Nbd2 Re8 10. Rc1 e5 11. cxd5 cxd5 12. h3 Bxf3 13. Nxf3 Qa5 14. a3 Qb6 15. Nd2 Rad8 16. Rc2 e4 17. dxe4 Nxe4 18. Bxg7 Kxg7 19. Qa1+ Kg8 20. e3 Ndf6 21. b4 Rc8 22. Nxe4 dxe4 23. Rfc1 Rxc2 24. Rxc2 a6 25. Rc5 Qd6 26. Qc3 Re7 27. b5 axb5 28. Bf1 b4 29. Qxb4 Ne8 30. Bc4 Kg7 31. Bb3 f5 32. Qc4 Kh6 33. Kg2 Nf6 0-1

[Event "CP-2011-P-00035"]
[White "Pehl, Ferenc"]
[Black "Bishop, Nicholas"]
[Site "LSS email"]
[Round "?"]
[Result "0-1"]
[Date "2011.09.30"]
[WhiteElo "964"]
[BlackElo "2201"]
[PlyCount "44"]
[EventDate "2011.10.01"]
[EventType "tourn (corr)"]
[EventRounds "6"]
[EventCountry "GER"]
[SourceTitle "Telechess CBM 153"]
[Source "ChessBase"]
[SourceDate "2013.03.14"]
[SourceVersion "1"]
[SourceVersionDate "2013.03.14"]
[SourceQuality "1"]

1. e4 Nf6 2. e5 Nd5 3. d4 d6 4. c4 Nb6 5. exd6 exd6 6. Qe2+ Be7 7. h3 Nc6 8. d5 Ne5 9. b3 Bf6 10. Bb2 0-0 11. Nc3 Re8 12. Ne4 Ned7 13. Bxf6 Nxf6 14. f3 Bf5 15. 0-0-0 Bxe4 16. fxe4 Nxe4 17. Qf3 Qg5+ 18. Kc2 c6 19. dxc6 Qa5 20. Kb2 bxc6 21. Bd3 Na4+ 22. bxa4 Qc3+ 0-1

[Event "RM-2011-0-00080"]
[White "Bishop, Nicholas"]
[Black "Sigurdsson, Johann Helgi"]
[Site "LSS email"]
[Round "?"]
[Result "1/2-1/2"]
[Date "2011.09.20"]
[WhiteElo "2227"]
[BlackElo "2226"]
[PlyCount "97"]
[EventDate "2011.07.02"]
[EventType "tourn (corr)"]
[EventRounds "6"]
[EventCountry "GER"]
[SourceTitle "Telechess CBM 157"]
[Source "ChessBase"]
[SourceDate "2013.11.12"]
[SourceVersion "1"]
[SourceVersionDate "2013.11.12"]
[SourceQuality "1"]

1. c4 e6 2. g3 d5 3. Nf3 dxc4 4. Bg2 Nd7 5. Qc2 a6 6. a4 Ngf6 7. Na3 b5 8. axb5 axb5 9. Nd4 Ba6 10. b3 Nd5 11. bxc4 bxc4 12. Nxc4 c5 13. Nb3 Bxc4 14. Qxc4 Rxa1 15. Nxa1 N7b6 16. Qc2 Be7 17. Bb2 Nb4 18. Qc1 0-0 19. Nb3 c4 20. Nd4 Qd7 21. 0-0 Na4 22. Ba1 Rc8 23. Rd1 Nd5 24. Qc2 Bf6 25. Rc1 h6 26. e3 Nb4 27. Qd1 Nd3 28. Rb1 Nac5 29. f4 Bxd4 30. Bxd4 Nb3 31. Bc3 Rd8 32. Qe2 Qa7 33. Rf1 f6 34. Kh1 Qc5 35. Qg4 Qf5 36. Qf3 Qd5 37. Qd1 Qd7 38. Qg4 Qf7 39. Qe2 Qc7 40. Bh3 Rd6 41. Rb1 Qb6 42. g4 Qc5 43. Bf1 Rd8 44. h4 h5 45. g5 Qf5 46. Rd1 fxg5 47. hxg5 e5 48. Qxh5 exf4 49. Bxd3 1/2-1/2

[Event "RM-2011-0-00079"]
[White "Szabo, Vilmos"]
[Black "Bishop, Nicholas"]
[Site "LSS email"]
[Round "?"]
[Result "1/2-1/2"]
[Date "2011.09.15"]
[WhiteElo "2386"]
[BlackElo "2227"]
[PlyCount "74"]
[EventDate "2011.05.21"]
[EventType "tourn (corr)"]
[EventRounds "6"]
[EventCountry "GER"]
[SourceTitle "Telechess CBM 157"]
[Source "ChessBase"]
[SourceDate "2013.11.12"]
[SourceVersion "1"]
[SourceVersionDate "2013.11.12"]
[SourceQuality "1"]

1. e4 e6 2. d4 d5 3. Nd2 dxe4 4. Nxe4 Nd7 5. Bd3 Ngf6 6. Nxf6+ Nxf6 7. Nf3 c5 8. Be3 Qc7 9. Qe2 Be7 10. dxc5 0-0 11. Bd4 Bxc5 12. Be5 Qa5+ 13. c3 Be7 14. 0-0 Bd7 15. a4 Bc6 16. Nd4 Qd5 17. Nxc6 Qxc6 18. Rfe1 a6 19. a5 Rfd8 20. g3 Rac8 21. Rad1 h6 22. Bc2 Qc4 23. Rxd8+ Bxd8 24. Bd3 Qa2 25. b4 Qxe2 26. Bxe2 Nd5 27. Bf3 f6 28. Bd4 Kf7 29. h4 Be7 30. Bxd5 exd5 31. h5 Rc4 32. Rd1 Ke6 33. Kg2 Kd7 34. f4 Bd6 35. Kf3 Ke6 36. Rd3 Be7 37. Rd1 Bd6 1/2-1/2

[Event "RM-2011-0-00077"]
[White "Bishop, Nicholas"]
[Black "Lubas, Jozef"]
[Site "LSS email"]
[Round "?"]
[Result "1/2-1/2"]
[Date "2011.07.21"]
[WhiteElo "2208"]
[BlackElo "2264"]
[PlyCount "35"]
[EventDate "2011.04.10"]
[EventType "tourn (corr)"]
[EventRounds "6"]
[EventCountry "GER"]
[SourceTitle "Telechess CBM 151"]
[Source "ChessBase"]
[SourceDate "2012.11.13"]
[SourceVersion "1"]
[SourceVersionDate "2012.11.13"]
[SourceQuality "1"]

1. c4 e5 2. Nc3 Nf6 3. Nf3 Nc6 4. e3 Bb4 5. Qc2 0-0 6. Nd5 Re8 7. Qf5 d6 8. Nxf6+ gxf6 9. Qh5 e4 10. a3 exf3 11. gxf3 Re5 12. Rg1+ Rg5 13. Rxg5+ fxg5 14. Bd3 Qf6 15. axb4 Bf5 16. Bxf5 Qxf5 17. Qg4 Qc2 18. Qxg5+ 1/2-1/2

[Event "RM-2011-0-00077"]
[White "Petrovic, Djordje R"]
[Black "Bishop, Nicholas"]
[Site "LSS email"]
[Round "?"]
[Result "1/2-1/2"]
[Date "2011.07.21"]
[WhiteElo "2572"]
[BlackElo "2208"]
[PlyCount "38"]
[EventDate "2011.04.10"]
[EventType "tourn (corr)"]
[EventRounds "6"]
[EventCountry "GER"]
[SourceTitle "Telechess CBM 151"]
[Source "ChessBase"]
[SourceDate "2012.11.13"]
[SourceVersion "1"]
[SourceVersionDate "2012.11.13"]
[SourceQuality "1"]

1. c4 Nf6 2. g3 e6 3. Bg2 d5 4. Nf3 Be7 5. 0-0 0-0 6. b3 c5 7. Bb2 Nc6 8. e3 d4 9. exd4 cxd4 10. Re1 Re8 11. a3 a5 12. d3 Bf8 13. Ne5 Nxe5 14. Rxe5 Nd7 15. Rb5 Nc5 16. b4 axb4 17. axb4 Rxa1 18. Bxa1 Na6 19. Bb2 Nc7 1/2-1/2

[Event "RM-2011-0-00077"]
[White "Bishop, Nicholas"]
[Black "Franco Cazon, Rodolfo"]
[Site "LSS email"]
[Round "?"]
[Result "1-0"]
[Date "2011.07.17"]
[WhiteElo "2208"]
[BlackElo "2097"]
[PlyCount "61"]
[EventDate "2011.04.10"]
[EventType "tourn (corr)"]
[EventRounds "6"]
[EventCountry "GER"]
[SourceTitle "Telechess CBM 151"]
[Source "ChessBase"]
[SourceDate "2012.11.13"]
[SourceVersion "1"]
[SourceVersionDate "2012.11.13"]
[SourceQuality "1"]

1. c4 c6 2. g3 d5 3. Nf3 Nf6 4. Bg2 dxc4 5. 0-0 Nbd7 6. Na3 Nb6 7. Qc2 Be6 8. Ng5 Qd7 9. b3 cxb3 10. axb3 Bg4 11. d4 e6 12. Nc4 Nxc4 13. bxc4 Be7 14. Qb2 0-0 15. e4 Rfd8 16. Be3 Ne8 17. h3 Bh5 18. Nf3 Bxf3 19. Bxf3 Nd6 20. Qb3 a6 21. d5 exd5 22. exd5 Qxh3 23. Rfe1 Bf6 24. Rad1 Rac8 25. Bc5 cxd5 26. Rxd5 Nf5 27. Bg2 Qg4 28. Re4 Qg5 29. Qxb7 h5 30. Bb6 Rf8 31. Rf4 1-0

[Event "RM-2011-0-00077"]
[White "Bishop, Nicholas"]
[Black "Pijl, Richard"]
[Site "LSS email"]
[Round "?"]
[Result "1/2-1/2"]
[Date "2011.07.17"]
[WhiteElo "2208"]
[BlackElo "2290"]
[PlyCount "53"]
[EventDate "2011.04.10"]
[EventType "tourn (corr)"]
[EventRounds "6"]
[EventCountry "GER"]
[SourceTitle "Telechess CBM 151"]
[Source "ChessBase"]
[SourceDate "2012.11.13"]
[SourceVersion "1"]
[SourceVersionDate "2012.11.13"]
[SourceQuality "1"]

1. c4 e5 2. Nc3 Nc6 3. Nf3 f5 4. d4 e4 5. Ng5 Bb4 6. Nh3 Nf6 7. Bd2 Nxd4 8. Nxe4 Bxd2+ 9. Nxd2 0-0 10. e3 Qe7 11. g3 Ne6 12. Bg2 Rb8 13. Qb3 b6 14. 0-0 Bb7 15. Bxb7 Rxb7 16. Nf4 c6 17. Qc2 Nc5 18. Rad1 Nce4 19. Nxe4 fxe4 20. h4 Qc5 21. Rd4 b5 22. b3 a5 23. Qe2 Qf5 24. cxb5 Rxb5 25. Rc1 h6 26. h5 Kh7 27. Qd1 1/2-1/2

[Event "LSS WC-2010-T-00002"]
[White "Bishop, Nicholas"]
[Black "Starke, Rene Reiner"]
[Site "LSS email"]
[Round "?"]
[Result "0-1"]
[Date "2009.06.12"]
[WhiteElo "2345"]
[BlackElo "2365"]
[PlyCount "58"]
[EventDate "2009.06.17"]
[EventType "tourn (corr)"]
[EventRounds "12"]
[EventCountry "GER"]
[SourceTitle "Corr 2022"]
[Source "ChessBase"]
[SourceDate "2021.10.24"]
[SourceVersion "1"]
[SourceVersionDate "2021.10.24"]
[SourceQuality "1"]

1. c4 e5 2. Nc3 Nf6 3. Nf3 Nc6 4. e3 Bb4 5. Qc2 0-0 6. Nd5 Re8 7. Qf5 d6 8. Nxf6+ Qxf6 9. Qxf6 gxf6 10. a3 Bc5 11. b3 Be6 12. Bb2 a5 13. 0-0-0 d5 14. d4 exd4 15. exd4 Bf8 16. c5 Reb8 17. Bb5 Na7 18. Be2 b6 19. Rd3 Bf5 20. Rc3 Re8 21. Bd3 Bg6 22. Re1 b5 23. Bxg6 fxg6 24. Kd1 Bh6 25. Rc2 Rxe1+ 26. Nxe1 Nc6 27. Re2 Kf7 28. Nc2 f5 29. Ne1 Bg7 0-1

[Event "LSS WC-2010-T-00002"]
[White "Janosi, Ervin"]
[Black "Bishop, Nicholas"]
[Site "LSS email"]
[Round "?"]
[Result "1-0"]
[Date "2009.06.12"]
[WhiteElo "1849"]
[BlackElo "2202"]
[PlyCount "36"]
[EventDate "2009.06.17"]
[EventType "tourn (corr)"]
[EventRounds "12"]
[EventCountry "GER"]
[SourceTitle "Corr 2024"]
[Source "ChessBase"]
[SourceDate "2023.10.19"]
[SourceVersion "1"]
[SourceVersionDate "2023.10.19"]
[SourceQuality "1"]

1. d4 e6 2. c4 Nf6 3. Nc3 Bb4 4. Qc2 d5 5. a3 Bxc3+ 6. Qxc3 c5 7. dxc5 d4 8. Qg3 Nc6 9. Nf3 e5 10. Nxe5 Qa5+ 11. Kd1 Ne4 12. Qf4 f5 13. Nxc6 bxc6 14. Kc2 Be6 15. Bd2 Qxc5 16. e3 Bxc4 17. exd4 Qxd4 18. Qe3 Qxd2+ 1-0

[Event "LSS WC-2011-S-00009"]
[White "Bishop, Nicholas"]
[Black "Bernal Varela, Nelson"]
[Site "LSS email"]
[Round "?"]
[Result "1/2-1/2"]
[Date "2008.10.23"]
[WhiteElo "2357"]
[BlackElo "2216"]
[PlyCount "45"]
[EventDate "2008.10.23"]
[EventType "tourn (corr)"]
[EventRounds "10"]
[EventCountry "GER"]
[SourceTitle "Corr 2011"]
[Source "ChessBase"]
[SourceDate "2010.08.31"]
[SourceVersion "1"]
[SourceVersionDate "2010.08.31"]
[SourceQuality "1"]

1. c4 Nf6 2. Nc3 e6 3. Nf3 Bb4 4. Qc2 0-0 5. a3 Bxc3 6. Qxc3 d6 7. e3 e5 8. b4 Bg4 9. Bb2 Qe7 10. h3 Bxf3 11. gxf3 a5 12. b5 Nbd7 13. Bd3 Rfe8 14. Bc2 Qe6 15. d4 exd4 16. Qxd4 Ne5 17. 0-0-0 Nxf3 18. Qf4 Ne5 19. Rhg1 g6 20. h4 Kf8 21. c5 b6 22. cxb6 cxb6 23. Qd4 1/2-1/2

[Event "LSS CP-2008-P-00026"]
[White "Bishop, Nicholas"]
[Black "Lipsits, Sasha"]
[Site "LSS email"]
[Round "?"]
[Result "1-0"]
[Date "2008.10.01"]
[WhiteElo "2370"]
[BlackElo "1351"]
[PlyCount "107"]
[EventDate "2008.10.01"]
[EventType "tourn (corr)"]
[EventRounds "6"]
[EventCountry "GER"]
[SourceTitle "Corr 2013"]
[Source "ChessBase"]
[SourceDate "2012.11.12"]
[SourceVersion "1"]
[SourceVersionDate "2012.11.12"]
[SourceQuality "1"]
[WhiteTeam "US of America"]
[BlackTeam "US of America"]
[WhiteTeamCountry "USA"]
[BlackTeamCountry "USA"]

1. c4 e5 2. Nc3 Nf6 3. Nf3 Nc6 4. e3 Bb4 5. Qc2 0-0 6. Nd5 Re8 7. Qf5 d6 8. Nxf6+ Qxf6 9. Qxf6 gxf6 10. a3 Bc5 11. b3 a5 12. Bb2 Be6 13. 0-0-0 d5 14. d4 exd4 15. exd4 Bf8 16. c5 Bf5 17. Bc3 a4 18. b4 Bh6+ 19. Bd2 Bxd2+ 20. Kxd2 Ne7 21. Nh4 Bd7 22. Bd3 Ng6 23. g3 Kg7 24. Nf5+ Bxf5 25. Bxf5 Nf8 26. Rhe1 Ne6 27. Kc3 Ng5 28. Re3 Rxe3+ 29. fxe3 Re8 30. Kd3 Rd8 31. b5 Rg8 32. Rb1 Ra8 33. h4 Ne6 34. Bg4 b6 35. Bf3 f5 36. cxb6 cxb6 37. Bxd5 Rg8 38. Ke2 Kf6 39. Kf3 Rc8 40. Rb4 Rc3 41. Rxa4 Nc7 42. Bc4 Rc1 43. Bd3 Rc3 44. Ke2 Rb3 45. Bc4 Rb1 46. Kd2 Nxb5 47. Kc2 Kg7 48. Kxb1 Nc3+ 49. Kc2 Nxa4 50. Bb5 Nc5 51. dxc5 bxc5 52. a4 Kf6 53. a5 Ke5 54. a6 1-0

[Event "LSS CP-2008-P-00026"]
[White "Ozdemir, Zafer Omer"]
[Black "Bishop, Nicholas"]
[Site "LSS email"]
[Round "?"]
[Result "0-1"]
[Date "2008.10.01"]
[WhiteElo "994"]
[BlackElo "2370"]
[PlyCount "56"]
[EventDate "2008.10.01"]
[EventType "tourn (corr)"]
[EventRounds "6"]
[EventCountry "GER"]
[SourceTitle "Corr 2013"]
[Source "ChessBase"]
[SourceDate "2012.11.12"]
[SourceVersion "1"]
[SourceVersionDate "2012.11.12"]
[SourceQuality "1"]
[WhiteTeam "US of America"]
[BlackTeam "US of America"]
[WhiteTeamCountry "USA"]
[BlackTeamCountry "USA"]

1. e4 e6 2. e5 d5 3. d4 c5 4. dxc5 Nc6 5. b4 Nxb4 6. Ba3 Bxc5 7. Nc3 Qa5 8. Bb2 d4 9. Bd3 Nd5 10. Bb5+ Kf8 11. Bd3 dxc3 12. Bc1 Nge7 13. Ne2 Ng6 14. a3 Nxe5 15. 0-0 Qa4 16. Kh1 b6 17. f4 Nxd3 18. cxd3 Qxd1 19. Rxd1 Ba6 20. h3 Ke7 21. Ng3 c2 22. Rd2 Rac8 23. Ra2 Be3 24. Rdxc2 Bxc1 25. Rxc8 Rxc8 26. Ne2 Nxf4 27. Nxf4 Bxf4 28. d4 Rc1# 0-1

[Event "LSS CP-2005-S-00003"]
[White "Bennett, Hilton Petrie"]
[Black "Bishop, Nicholas"]
[Site "LSS email"]
[Round "?"]
[Result "1/2-1/2"]
[Date "2008.04.12"]
[WhiteElo "1973"]
[BlackElo "2372"]
[PlyCount "60"]
[EventDate "2008.04.12"]
[EventType "tourn (corr)"]
[EventRounds "6"]
[EventCountry "GER"]
[SourceTitle "Corr 2013"]
[Source "ChessBase"]
[SourceDate "2012.11.12"]
[SourceVersion "1"]
[SourceVersionDate "2012.11.12"]
[SourceQuality "1"]
[WhiteTeam "US of America"]
[BlackTeam "US of America"]
[WhiteTeamCountry "USA"]
[BlackTeamCountry "USA"]

1. e4 e6 2. d4 d5 3. e5 c5 4. c3 Nc6 5. Nf3 Nh6 6. Bd3 f6 7. Bxh6 gxh6 8. 0-0 cxd4 9. cxd4 Bg7 10. Re1 0-0 11. Nbd2 fxe5 12. dxe5 Bd7 13. Rc1 Rc8 14. Nb3 Qe7 15. a3 h5 16. Nbd4 Bh6 17. Rc2 Rf4 18. Bb5 Nxd4 19. Rxc8+ Bxc8 20. Nxd4 Qc5 21. Qc2 b6 22. b4 Qxc2 23. Nxc2 Rf7 24. Nd4 Rc7 25. Ne2 Bd2 26. Rb1 h4 27. g3 hxg3 28. hxg3 Bb7 29. Bd3 h5 30. Rd1 Bc3 1/2-1/2

[Event "LSS CP-2005-S-00003"]
[White "Petrovic, Djordje R"]
[Black "Bishop, Nicholas"]
[Site "LSS email"]
[Round "?"]
[Result "1/2-1/2"]
[Date "2008.04.12"]
[WhiteElo "2590"]
[BlackElo "2202"]
[PlyCount "30"]
[EventDate "2008.04.12"]
[EventType "tourn (corr)"]
[EventRounds "6"]
[EventCountry "GER"]
[SourceTitle "Corr 2013"]
[Source "ChessBase"]
[SourceDate "2012.11.12"]
[SourceVersion "1"]
[SourceVersionDate "2012.11.12"]
[SourceQuality "1"]
[WhiteTeam "US of America"]
[BlackTeam "US of America"]
[WhiteTeamCountry "USA"]
[BlackTeamCountry "USA"]

1. e4 e6 2. d4 d5 3. Nd2 dxe4 4. Nxe4 Nd7 5. Bd3 Ngf6 6. Qe2 c5 7. Nxf6+ Nxf6 8. dxc5 Bxc5 9. Bd2 Qb6 10. 0-0-0 Bd7 11. Kb1 Bc6 12. Nf3 0-0 13. Ne5 Rfd8 14. Bc3 Bd4 15. Bxd4 Rxd4 1/2-1/2

[Event "IECG WC.2010.S.00002 email"]
[White "Bishop, Nicholas"]
[Black "Gus'Kov, Viktor V"]
[Site "IECG email"]
[Round "?"]
[Result "1-0"]
[Date "2007.12.15"]
[WhiteElo "2369"]
[BlackElo "2293"]
[PlyCount "91"]
[EventDate "2007.12.15"]
[EventType "tourn (corr)"]
[EventRounds "6"]
[SourceTitle "Corr 2024"]
[Source "ChessBase"]
[SourceDate "2023.10.19"]
[SourceVersion "1"]
[SourceVersionDate "2023.10.19"]
[SourceQuality "1"]

1. c4 e5 2. Nc3 Nf6 3. Nf3 Nc6 4. e3 Bb4 5. Qc2 0-0 6. Nd5 Re8 7. Qf5 d6 8. Nxf6+ Qxf6 9. Qxf6 gxf6 10. a3 Bc5 11. b3 Be6 12. Bb2 a5 13. 0-0-0 d5 14. d4 exd4 15. exd4 Bf8 16. c5 b6 17. Bb5 Bd7 18. cxb6 cxb6 19. Kb1 Bd6 20. Rc1 Rac8 21. Rc3 Rc7 22. Rhc1 Rec8 23. Nh4 Bf4 24. Rd1 Ne7 25. Bxd7 Rxc3 26. g3 Bg5 27. Bxc8 Rxc8 28. Ng2 Nf5 29. f4 Bh6 30. g4 Ng7 31. h4 Ne6 32. Rf1 b5 33. Ne3 Rd8 34. g5 fxg5 35. f5 Nc7 36. Ng4 Bg7 37. hxg5 Ne8 38. Bc3 Ra8 39. f6 Bf8 40. Rf5 b4 41. axb4 axb4 42. Bd2 Ra5 43. Bf4 Bd6 44. Nh6+ Kf8 45. Bd2 Nc7 46. Rf1 1-0

[Event "IECG WC.2010.S.00002 email"]
[White "Bishop, Nicholas"]
[Black "Van Seben, Edgar"]
[Site "IECG email"]
[Round "?"]
[Result "1/2-1/2"]
[Date "2007.12.15"]
[WhiteElo "2369"]
[BlackElo "2232"]
[PlyCount "73"]
[EventDate "2007.12.15"]
[EventType "tourn (corr)"]
[EventRounds "6"]
[SourceTitle "Corr 2011"]
[Source "ChessBase"]
[SourceDate "2010.08.31"]
[SourceVersion "1"]
[SourceVersionDate "2010.08.31"]
[SourceQuality "1"]

1. c4 Nf6 2. Nc3 e5 3. Nf3 Nc6 4. e3 Bb4 5. Qc2 d6 6. Be2 0-0 7. 0-0 Re8 8. d3 Bf5 9. Ne4 Bc5 10. a3 a5 11. Ng3 Bd7 12. b3 Qe7 13. Bb2 d5 14. d4 exd4 15. exd4 Bd6 16. Rfe1 Qf8 17. Nf1 g6 18. Qc1 Re4 19. g3 Rae8 20. Ne3 dxc4 21. bxc4 b6 22. Qc3 Qh6 23. Bf1 Qh5 24. Bg2 h6 25. c5 bxc5 26. dxc5 Be5 27. Nxe5 Nxe5 28. Qc2 Bc6 29. Bxe5 R8xe5 30. Bxe4 Bxe4 31. Qd1 Bf3 32. Qd8+ Kg7 33. Ng2 Bd5 34. Rxe5 Qxe5 35. Re1 Qc3 36. Re3 Qa1+ 37. Ne1 1/2-1/2

[Event "IECG WC.2010.S.00002 email"]
[White "Krol, Wladyslaw"]
[Black "Bishop, Nicholas"]
[Site "IECG email"]
[Round "?"]
[Result "1/2-1/2"]
[Date "2007.12.15"]
[WhiteElo "2214"]
[BlackElo "2369"]
[PlyCount "40"]
[EventDate "2007.12.15"]
[EventType "tourn (corr)"]
[EventRounds "6"]
[SourceTitle "Corr 2024"]
[Source "ChessBase"]
[SourceDate "2023.10.19"]
[SourceVersion "1"]
[SourceVersionDate "2023.10.19"]
[SourceQuality "1"]

1. e4 e6 2. f4 d5 3. Nf3 dxe4 4. Ng5 Nf6 5. Nc3 Nc6 6. Ngxe4 Nxe4 7. Nxe4 e5 8. Bb5 exf4 9. 0-0 Qd5 10. Qe2 Be6 11. c3 0-0-0 12. Rxf4 a6 13. Ba4 Re8 14. Qf1 h6 15. d3 Rd8 16. d4 f5 17. Nd2 Qd7 18. b4 g5 19. Rf2 f4 20. Bb2 Bf5 1/2-1/2